000 00563nam a2200193Ia 4500
005 20240217103022.0
008 131103s9999 xx 000 0 und d
020 _a8186778519
_cRs. 75
040 _aLoreto College
041 _aEnglish
082 _a361.06
_bMAS
100 _aMascarenhas, Marie Mignon
245 _aCounselling teenagers to clebrate love and life
_cMarie Mignon Mascarenhas
260 _aBangalore
_bI.J.A. Publication
_c2004
300 _avii,132 p.
_b ill., tables
650 _aCounselling - Life & Love
850 _aLCLIB
942 _cBK
999 _c6220
_d56699